00881nam a2200241 a 450000100060000000300080000600500170001400800410003103500190007204000220009104100080011308200250012110000350014624501150018126000630029630000260035950000400038565000350042565000300046094200120049099900170050295201200051982737BD-RjUL20240123111846.0240123r19471916enk 000 0 eng d a(BD-RjUL)82737 aBGUbengcBD-RjUL aeng 223a813.49bHAS 19471 aHarte, Bret,d1836-190291104310aStories and poems /cby Bret Harte : selected and edited with and introduction and notes by William MacDonald. aLondon :bOxford University Press,c1947, [reprinted 1916] alxxv, 638 p.;c19 cm. aReprint. originally published: 1916 aShort stories, American911044 aAmerican literature95072 2ddccBK c82737d82737 00102ddc40718FICaRUCLbRUCLcReadingd2024-01-23l0o813.49 HAS 1947r2024-01-23 00:00:00tC-1w2024-01-23yBK